System Analysis and Design (Record no. 107)

MARC details
000 -LEADER
fixed length control field 00413nam a22001577a 4500
005 - DATE AND TIME OF LATEST TRANSACTION
control field 20180202120937.0
008 - FIXED-LENGTH DATA ELEMENTS--GENERAL INFORMATION
fixed length control field 160427b xxu||||| |||| 00| 0 eng d
020 ## - INTERNATIONAL STANDARD BOOK NUMBER
ISBN 81-203-2155-3
041 ## - LANGUAGE CODE
Language code of text/sound track or separate title eng
082 ## - DEWEY DECIMAL CLASSIFICATION NUMBER
Item number 00325
Classification number 004.21
100 ## - MAIN ENTRY--AUTHOR NAME
Personal name Kendall, Kenneth E. and Kendall, julie E
245 ## - TITLE STATEMENT
Title System Analysis and Design
260 ## - PUBLICATION, DISTRIBUTION, ETC. (IMPRINT)
Place of publication New Delhi
Name of publisher PHI Pvt Ltd. N. Delhi
Year of publication 2004
300 ## - PHYSICAL DESCRIPTION
Number of Pages 914
942 ## - ADDED ENTRY ELEMENTS (KOHA)
Koha item type Books
Holdings
Lost status Damaged status Collection code Home library Current library Shelving location Date acquired Cost, normal purchase price Full call number Accession Number Koha item type
    CS/IT JRU Library JRU Library SHELF-49-A 27/04/2016 495.00 00325 00325 Books
    CS/IT JRU Library JRU Library SHELF-49-A 27/04/2016 495.00 00325 00326 Books
    CS/IT JRU Library JRU Library SHELF-49-A 27/04/2016 495.00 00325 00327 Books
    CS/IT JRU Library JRU Library SHELF-49-A 27/04/2016 495.00 00325 00328 Books
    CS/IT JRU Library JRU Library SHELF-49-A 27/04/2016 495.00 00325 00329 Books
    CS/IT JRU Library JRU Library SHELF-49-A 27/04/2016 495.00 00325 00330 Books
    CS/IT JRU Library JRU Library SHELF-49-A 27/04/2016 495.00 00325 00331 Books
    CS/IT JRU Library JRU Library SHELF-49-A 27/04/2016 495.00 00325 00332 Books
    CS/IT JRU Library JRU Library SHELF-49-A 27/04/2016 495.00 00325 00333 Books
    CS/IT JRU Library JRU Library SHELF-49-A 27/04/2016 495.00 00325 00334 Books